Schemes of delegation and local reviews (Record no. 109823)

MARC details
000 -LEADER
fixed length control field 01976cad a22002775a 4500
001 - CONTROL NUMBER
control field E147978
008 - FIXED-LENGTH DATA ELEMENTS--GENERAL INFORMATION
fixed length control field 090708s2009 stk f s000 0 eng d
020 ## - INTERNATIONAL STANDARD BOOK NUMBER
International Standard Book Number 9780755975747
022 1# - INTERNATIONAL STANDARD SERIAL NUMBER
International Standard Serial Number 0141-514X
035 ## - SYSTEM CONTROL NUMBER
System control number (Sirsi) u147978
041 0# - LANGUAGE CODE
Language code of text/sound track or separate title eng
050 04 - LIBRARY OF CONGRESS CALL NUMBER
Classification number 711.1 $2 18
110 2# - MAIN ENTRY--CORPORATE NAME
Corporate name or jurisdiction name as entry element Scotland
Subordinate unit Scottish Government
9 (RLIN) 5344
245 04 - TITLE STATEMENT
Title Schemes of delegation and local reviews
Remainder of title planning circular 7 2009
Medium [electronic resource]
260 ## - PUBLICATION, DISTRIBUTION, ETC.
Place of publication, distribution, etc. Edinburgh
Name of publisher, distributor, etc. Scottish Government
Date of publication, distribution, etc. 2009
490 #0 - SERIES STATEMENT
Series statement Planning Circular
Volume/sequential designation (7/2009)
505 2# - FORMATTED CONTENTS NOTE
Formatted contents note Introduction -- Schemes of delegation: content; delegation under powers from the Local Government Act 1973; procedures for adoption of the scheme; publication of the scheme; use of the section 43A scheme of delegation; subsequent schemes of delegation -- Local reviews: notice of review; the Local Review Body; notification to interested parties and publication; compliance with development management procedures; review procedure; matters which may be raised in a review; written submissions; site inspections; hearings; appointment of an assessor; new evidence; decision notice; review on failure to determine the application; electronic communication
520 ## - SUMMARY, ETC.
Summary, etc. Accompanies the Town and Country Planning (Schemes of Delegation and Local Review Procedure) (Scotland) Regulations 2008, which aims to provide planning authorities scope to develop schemes of delegation that meet local circumstances, and to give a clear framework within which reviews of decisions can be conducted locally.
521 ## - TARGET AUDIENCE NOTE
Target audience note Advanced
590 ## - LOCAL NOTE (RLIN)
Local note KA
650 24 - SUBJECT ADDED ENTRY--TOPICAL TERM
Topical term or geographic name entry element TOWN AND COUNTRY PLANNING (SCHEMES OF DELEGATION AND LOCAL REVIEW PROCEDURE) (SCOTLAND) REGULATIONS 2008
651 #4 - SUBJECT ADDED ENTRY--GEOGRAPHIC NAME
Geographic name Scotland
Chronological subdivision 1999-
690 ## - LOCAL SUBJECT ADDED ENTRY--TOPICAL TERM (OCLC, RLIN)
Topical term or geographic name as entry element ENVIRONMENTAL AND LAND CONSULTANCY-PLANNING AND DEVELOPMENT-PLANNING GUIDANCE
856 40 - ELECTRONIC LOCATION AND ACCESS
Uniform Resource Identifier <a href="https://www.scotland.gov.uk/Publications/2009/07/07115301/0">https://www.scotland.gov.uk/Publications/2009/07/07115301/0</a>
Public note View the circular free of charge at www.scotland.gov.uk...
942 ## - ADDED ENTRY ELEMENTS (KOHA)
Suppress in OPAC 0
Holdings
Withdrawn status Lost status Source of classification or shelving scheme Damaged status Not for loan Home library Current library Shelving location Date acquired Total Checkouts Full call number Barcode Date last seen Copy number Price effective from Koha item type
    Dewey Decimal Classification     Virtual Virtual Online 08/07/2009   ONLINE PUBLICATION 147978-2001 06/08/2019 1 06/08/2019 Book